| 000 | 00998nam a2200253Ia 4500 | ||
|---|---|---|---|
| 003 | IN-BaIIA | ||
| 008 | 211028s9999 xx 000 0 eng d | ||
| 020 | _a90-277-1920-9 | ||
| 040 | _cIIA Library | ||
| 080 |
_a082.2:52 _bIAU-S106 |
||
| 111 |
_aInternational Astronomical Union _c Netherlands _d1983 May 30-June 3 _914231 |
||
| 245 | 4 |
_aThe milky way galaxy _bproceedings of the 106th Symposium of the International Astronomical Union held in Groningen, the Netherlands, 30 May-3 June, 1983 _cedited by Hugo van Woerden , Ronald J. Allen and W.B. Burton |
|
| 260 |
_aDordrecht _bD. Reidel Publishing _c1985 |
||
| 300 | _axxiv, 660p. | ||
| 650 | _aAstronomy and Astrophysics Thesaurus | ||
| 650 |
_aGalactic center _92909 |
||
| 650 |
_aGalaxies _91286 |
||
| 650 |
_aLocal group of Galaxies _91288 |
||
| 650 |
_aMilky way galaxy _91167 |
||
| 700 |
_aAllen, Ronald J., ed. _914232 |
||
| 700 |
_aButler, Burton W., ed. _914233 |
||
| 700 |
_aVan Woerden, Hugo,. ed. _95345 |
||
| 942 | _cBK | ||
| 999 |
_c8494 _d8494 |
||